| 000 | 00838cam a22001814a 4500 | ||
|---|---|---|---|
| 005 | 20250605164216.0 | ||
| 008 | 250528s ||||||||||||||||||||||||d | ||
| 035 | _a20477 | ||
| 040 |
_aGR-AtMCL _bgre _dGR-AtMCL _eAACR2 |
||
| 245 | 1 | _aSaint Joan / A Chronicle Play in Six Scenes and an Epilogue | |
| 260 |
_bPenguin Books, _c1982 |
||
| 300 | _a160 | ||
| 520 | _aVigorous intelligence joined to inexhaustible comic invention. Preface, Joan and Socrates, Joan's Good Looks, Joan a Galtonic Visualizer, Joan Summed Up, The Maid in Literature, Catholic Anti-Clericalism, The Law of Change is the Law of God, Variability of Toleration, Joan as Theocrat, History always Out of Date, The Inevitable Flatteries of Tragedy, To the Epilogue, Saint Joan. | ||
| 700 | 1 |
_aShaw Bernard _96459 |
|
| 942 | _cBK | ||
| 999 |
_c5581 _d5581 |
||